Meaning in the arts / (Record no. 56776)
[ view plain ]
| 000 -LEADER | |
|---|---|
| fixed length control field | 00757nam a2200253 a 4500 |
| 001 - CONTROL NUMBER | |
| control field | 56776 |
| 003 - CONTROL NUMBER IDENTIFIER | |
| rucl marc code | BD-RJUL |
| 005 - DATE AND TIME OF LATEST TRANSACTION | |
| control field | 20211209080431.0 |
| 008 - FIXED-LENGTH DATA ELEMENTS--GENERAL INFORMATION | |
| fixed length control field | 161204s1969 enkg b 001 0 eng d |
| 020 ## - INTERNATIONAL STANDARD BOOK NUMBER | |
| International Standard Book Number | 0047010045 |
| 035 ## - SYSTEM CONTROL NUMBER | |
| System control number | BD-RjUL56900 |
| 040 ## - CATALOGING SOURCE | |
| Original cataloging agency | BD-RjUL |
| Language of cataloging | eng |
| Transcribing agency | BD-RjUL |
| 041 ## - LANGUAGE CODE | |
| Language code of text/sound track or separate title | eng |
| 082 ## - DEWEY DECIMAL CLASSIFICATION NUMBER | |
| Edition number | 23 |
| Classification number | 701.17 |
| Author mark and year | REM 1969 |
| 100 1# - MAIN ENTRY--PERSONAL NAME | |
| Personal name | Reid, Louis Arnaud, |
| Dates associated with a name | 1895-1986 |
| 9 (RLIN) | 168836 |
| 245 10 - TITLE STATEMENT | |
| Title | Meaning in the arts / |
| Statement of responsibility, etc. | by Louis Arnaud Reid |
| 260 ## - PUBLICATION, DISTRIBUTION, ETC. (IMPRINT) | |
| Place of publication, distribution, etc. | London : |
| Name of publisher, distributor, etc. | Allen & Unwin ; |
| Place of publication, distribution, etc. | New York : |
| Name of publisher, distributor, etc. | Humanities Press, |
| Date of publication, distribution, etc. | 1969 |
| 300 ## - PHYSICAL DESCRIPTION | |
| Pagination | 317 p. : |
| Illustrations | ill. ; |
| Size | 23 cm |
| 504 ## - BIBLIOGRAPHY, ETC. NOTE | |
| Bibliography, etc | Includes bibliographical references |
| 650 #0 - SUBJECT ADDED ENTRY--TOPICAL TERM | |
| Topical term or geographic name as entry element | Aesthetics |
| 9 (RLIN) | 124124 |
| 830 #0 - SERIES ADDED ENTRY--UNIFORM TITLE | |
| Uniform title | Muirhead library of philosophy |
| 942 ## - ADDED ENTRY ELEMENTS (KOHA) | |
| Source of classification or shelving scheme | Dewey Decimal Classification |
| Koha item type | Books |
| Lost status | Source of classification or shelving scheme | Damaged status | Not for loan | Collection code | Permanent Location | Current Location | Shelving location | Date acquired | Source of acquisition | Cost, normal purchase price | Total Checkouts | Full call number | Date last seen | Copy number | Koha item type |
|---|---|---|---|---|---|---|---|---|---|---|---|---|---|---|---|
| Dewey Decimal Classification | Not For Loan | Non-fiction | Central Library, University of Rajshahi | Central Library, University of Rajshahi | Reading Room | 11/04/1977 | Heffer and sons | 4.60 | 701.17 REM 1969 | 04/12/2016 | C-1 | Books |